00380nam a22001097a 4500008004100000040005500041080001800096245007500114260006100189300001100250653000900261230403b |||||||| |||| 00| 0 eng d aNational Science LibrarycNational Science Library a061.6IICBbN8 aIICB: bResearch in retrospectc/ Indian Institute of chemical Biology aCalcutta: bIndian Institute of chemical Biology, c1998 a173p.  aIICB